| 000 | 00520nam a2200169Ia 4500 | ||
|---|---|---|---|
| 008 | 260520s2020 xx 000 0 und d | ||
| 020 | _a978-81-316-1125-8 | ||
| 041 | _amar | ||
| 082 | _a910.287/MIS | ||
| 100 | _aमिश्रा, आर एन | ||
| 245 | _aप्रायोगिक भूगोल के मूलतत्व | ||
| 250 | _a1st ed | ||
| 260 |
_aजयपुर _bरावत पब्लिकेशन्स _c2020 |
||
| 300 | _a399p. | ||
| 500 | _aCat No: 15062 | ||
| 650 | _aGEOGRAPHY | ||
| 999 |
_c1221869 _d1221869 |
||